000 01437namaa22003251i 4500
005 20260514125121.0
008 260514s1994 ua a|||frm||| 000 0 eng d
040 _aEG-GICUC
_beng
_cEG-GICUC
_dEG-GICUC
_erda
041 0 _aeng
_beng
_bara
049 _aDeposit
097 _aM.Sc
099 _aCai01.12.21.M.Sc.1994.Ha.E
100 0 _aHala Farauk Ahmed Nemr,
_epreparation.
245 1 0 _aEffect of sulfagumasine drug on hematalagical and biochemical Harameters in Albina Rats /
_cBy Hala Farauk Ahmed Nemr ; Supervised Prof. Dr. Kamal S. Al-Badry, Dr. Hoda Ali Jaha. Dr. Osama Abde-Ghaffar
246 1 5 _aتأثير عقار السلفاجوانيدين علي قياسات الدم والكيمياء الحيوية في الفئران البيضاء
264 0 _c1994.
300 _a223 Leaves
_billustrations
_c30 cm. +
336 _2rda content
_atext
337 _2rdamedia
_aUnmediated
338 _2rdacarrier
_avolume
502 _aThesis (M.Sc.)-Cairo University, 1994
504 _aBibliography: pages 200-223
653 0 _ahematalagical and biochemical Harameters in Albina Rats
700 0 _aKamal S. Al-Badry
_ethesis advisor.
700 0 _aHoda Ali Jaha
_ethesis advisor.
700 0 _aOsama Abde-Ghaffar
_ethesis advisor.
900 _DDepartment of Zoology
_FFaculty of Science
_UCairo University
_b1994
_cKamal S. Al-Badry
_cHoda Ali Jaha
_cOsama Abde-Ghaffar
905 _aNehad
942 _2ddc
_cTH
_e21
_n0
999 _c180156